Corporate: Paise Power Politics (Record no. 34358)
[ view plain ]
| 000 -LEADER | |
|---|---|
| fixed length control field | 02716nam a22004337a 4500 |
| 003 - CONTROL NUMBER IDENTIFIER | |
| control field | dpl |
| 005 - DATE AND TIME OF LATEST TRANSACTION | |
| control field | 20100303152515.0 |
| 008 - FIXED-LENGTH DATA ELEMENTS--GENERAL INFORMATION | |
| fixed length control field | 080911t xxu||||| |||| 00| 0 eng d |
| 010 ## - LIBRARY OF CONGRESS CONTROL NUMBER | |
| LC control number | DVD-005819-5824 |
| 024 ## - OTHER STANDARD IDENTIFIER | |
| Source of number or code | EHV1046 |
| Terms of availability | 199.00 |
| 035 ## - SYSTEM CONTROL NUMBER | |
| System control number | DVD-005819-5824 |
| 040 ## - CATALOGING SOURCE | |
| Original cataloging agency | DPL |
| Transcribing agency | DPL |
| 082 ## - DEWEY DECIMAL CLASSIFICATION NUMBER | |
| Classification number | DVD / CORP |
| 245 ## - TITLE STATEMENT | |
| Title | Corporate: Paise Power Politics |
| Statement of responsibility, etc | Sahara One Motion Pictures Presents |
| Medium | [videorecording] (DVD)/ |
| 250 ## - EDITION STATEMENT | |
| Edition statement | 2-Disc Collector's Edition |
| 260 ## - PUBLICATION, DISTRIBUTION, ETC. (IMPRINT) | |
| Place of publication, distribution, etc | Mumbai |
| Name of publisher, distributor, etc | Excel Home Video |
| 300 ## - PHYSICAL DESCRIPTION | |
| Extent | 2 videodiscs DVD; |
| Other physical details | sd., col.; |
| Dimensions | 4 3/4 in. |
| Type of unit | DVD |
| 440 ## - SERIES STATEMENT/ADDED ENTRY--TITLE | |
| Title | Excel Home Video |
| 500 ## - GENERAL NOTE | |
| General note | Sole Distributor in India M/s Excel Productions Audio Visuals Pvt. Ltd. |
| 500 ## - GENERAL NOTE | |
| General note | Disc-1: Audio Comentary by Director, Associate Director& Cimentographer, Bonus Song Melody |
| 500 ## - GENERAL NOTE | |
| General note | Disc-2: Making of Corporate, Photo Gallery, Deleted Scenes, Television Coverage/Marketing, Theatrical Promos, India Games |
| 538 ## - SYSTEM DETAILS NOTE | |
| System details note | Dolby Digital 5.1- Hindi Subtitle English |
| 538 ## - SYSTEM DETAILS NOTE | |
| System details note | Aspect Ratio:1.33.1, Presentation Type: Full Screne, Presentation Size 4x3, Formation: DVD 9- Dual Layer Single sided Disc, |
| 650 ## - SUBJECT ADDED ENTRY--TOPICAL TERM | |
| Source of heading or term | Motion Picture |
| 700 ## - ADDED ENTRY--PERSONAL NAME | |
| Personal name | Bhandarkar, Madhur |
| 700 ## - ADDED ENTRY--PERSONAL NAME | |
| Personal name | Basu, Bipasa |
| 700 ## - ADDED ENTRY--PERSONAL NAME | |
| Personal name | Maenon, Kay Kay |
| 700 ## - ADDED ENTRY--PERSONAL NAME | |
| Personal name | Babbar, Raj |
| 700 ## - ADDED ENTRY--PERSONAL NAME | |
| Personal name | Chaya, Karsh |
| 700 ## - ADDED ENTRY--PERSONAL NAME | |
| Personal name | Kapoor, Rajat |
| 942 ## - ADDED ENTRY ELEMENTS (KOHA) | |
| Source of classification or shelving scheme | Dewey Decimal Classification |
| Koha item type | CD-ROMs, DVDs, VHS |
| Classification part | DVD |
| Call number suffix | CORP |
| Withdrawn status | Lost status | Source of classification or shelving scheme | Damaged status | Not for loan | Home library | Current library | Date acquired | Source of acquisition | Cost, normal purchase price | Total Checkouts | Full call number | Barcode | Date last seen | Date checked out | Copy number | Cost, replacement price | Price effective from | Koha item type | Total Renewals |
|---|---|---|---|---|---|---|---|---|---|---|---|---|---|---|---|---|---|---|---|
| Dewey Decimal Classification | Central Library | Central Library | 03/03/2010 | Pioneers/1003/17-11-09/325/13-10-09 /30-11-09 | 199.00 | 26 | DVD CORP | DVD-005819 | 19/01/2018 | 11/01/2018 | 1 | 199.00 | 03/03/2010 | CD-ROMs, DVDs, VHS | |||||
| Dewey Decimal Classification | Karol Bagh | Karol Bagh | 03/03/2010 | Pioneers/1003/17-11-09/325/13-10-09 /30-11-09 | 199.00 | 14 | DVD CORP | DVD-005824 | 06/07/2014 | 15/06/2014 | 1 | 199.00 | 03/03/2010 | CD-ROMs, DVDs, VHS | |||||
| Dewey Decimal Classification | Patel Nagar | Patel Nagar | 03/03/2010 | Pioneers/1003/17-11-09/325/13-10-09 /30-11-09 | 199.00 | 12 | DVD CORP | DVD-005820 | 03/08/2015 | 10/07/2015 | 1 | 199.00 | 03/03/2010 | CD-ROMs, DVDs, VHS | 2 | ||||
| Dewey Decimal Classification | R.K.Puram-8 | R.K.Puram-8 | 03/03/2010 | Pioneers/1003/17-11-09/325/13-10-09 /30-11-09 | 199.00 | DVD CORP | DVD-005822 | 03/03/2010 | 1 | 199.00 | 03/03/2010 | CD-ROMs, DVDs, VHS | |||||||
| Dewey Decimal Classification | Sarojini Nagar | Sarojini Nagar | 03/03/2010 | Pioneers/1003/17-11-09/325/13-10-09 /30-11-09 | 199.00 | 19 | DVD CORP | DVD-005821 | 15/02/2013 | 09/02/2013 | 1 | 199.00 | 03/03/2010 | CD-ROMs, DVDs, VHS | |||||
| Dewey Decimal Classification | Vinoba Puri | Vinoba Puri | 03/03/2010 | Pioneers/1003/17-11-09/325/13-10-09 /30-11-09 | 199.00 | 2 | DVD CORP | DVD-005823 | 07/05/2013 | 13/04/2013 | 1 | 199.00 | 03/03/2010 | CD-ROMs, DVDs, VHS |
